Wszyscy pokonani przez Real Madryt w finałach Ligi Mistrzów - Statystyki

Ogólne statystyki
  • Ten quiz został rozwiązany 712 razy
  • Średni wynik to 9 z 15
Statystyki odpowiedzi
Hint Odpowiedź % Poprawnych
1-0 2021/22 Liverpool
96%
3-1 2017/18 Liverpool
96%
2-0 2023/24 Borussia Dortmund
94%
4-1 2016/17 Juventus
91%
1-0 1997/98 Juventus
91%
1-1 (6-4 karne) 2015/16 Atletico Madryt
86%
1-1 (4-1 dogrywka) 2013/14 Atletico Madryt
86%
3-2 1957/58 AC Milan
66%
2-1 2001/02 Bayer Leverkusen
51%
3-0 1999/00 Valencia
40%
7-3 1959/60 Eintracht Frankfurt
21%
2-0 1958/59 Stade Reims
15%
4-3 1955/56 Stade Reims
15%
2-0 1956/57 Fiorentina
12%
2-1 1965/66 Partizan Belgrad
8%
Nie znaleziono quizów pasujących do podanych kryteriów
Rozkład punktacji
Procent ludzi z każdym wynikiem
Percentyl według liczby udzielonych odpowiedzi
Twoja historia wyników
Nie rozwiązałeś tego quizu